000 00345pab a2200157 454500
008 180718b2008 xxu||||| |||| 00| 0 eng d
100 _aMuthamma, C.B.
245 _aA question of leadership
260 _c2008
300 _ap.3-4.
362 _a12 Jul
650 _aNuclear weapons
773 _aMainstream
908 _aN
909 _a78710
999 _c78710
_d78710